00480 2200193 4500001002100000005001500021035002000036245002700056100001500083250000600098300002900104856004500133260004100178082000800219084001500227020002200242600001000264990001200274INLIS00000000000318120251201095509 a0010-12250000021 aEksekusi /cAry Rusady0 aAry Rusady a1 a135 hlm. ;c11 x 17.5 cm aRuang Baca Umum No Klas 800 ( Rak 3,4,5) aLamongan jatim :bAI Publiser,c2019 a813 a813 ARY e a978-623-90489-0-7 4aFiksi a0754491